000 00584nam a22001575i 4500
001 166532
003 ES-MaACL
005 20250820061922.0
008 160207s1820 sp | |||||||| ||spa d
100 1 _aLuis de San Diego.
_9158783
245 1 0 _aCompendio de la vida, virtudes y milagros del Beato Juan Bautista de la Concepcion, fundador de la... órden de los Descalzos de la... Trinidad...
260 _aMadrid :
_b[s.n.],
_c1820.
600 0 7 _aJuan Bautista de la Concepción, Santo,
_d1561-1613-
_xBiografías
_2
_9163708
852 _aES-MaACL
_jG-12520
999 _c166532
_d166532